[Event "Burgos Intercajas"]
[Site "Burgos"]
[Date "2011.10.27"]
[Round "5.1"]
[White "Moreno Sanchez, Jose"]
[Black "Sesma Irigoyen, Francisco"]
[Result "1/2-1/2"]
[WhiteElo "2014"]
[BlackElo "2025"]
[PlyCount "46"]
[EventDate "2011.10.23"]
[EventType "swiss"]
[EventRounds "6"]
[EventCountry "ESP"]
[SourceTitle "EXT 2024"]
[Source "ChessBase"]
[SourceDate "2023.10.10"]
[SourceVersion "1"]
[SourceVersionDate "2023.10.10"]
[SourceQuality "1"]
[WhiteTeam "Caja Granada"]
[BlackTeam "KUTXA"]
[WhiteTeamCountry "ESP"]
[BlackTeamCountry "ESP"]

1. e4 c6 2. d4 d5 3. e5 Bf5 4. Bd3 Bxd3 5. Qxd3 e6 6. Ne2 Nd7 7. 0-0 c5 8. c3 Ne7 9. Bg5 Qb6 10. Nd2 Nc6 11. Nf3 Be7 12. Bxe7 Nxe7 13. a3 0-0 14. Ng5 Ng6 15. h4 h6 16. h5 hxg5 17. hxg6 fxg6 18. Qxg6 Rf7 19. g3 cxd4 20. Nxd4 Nf8 21. Qh5 Qxb2 22. Kg2 g6 23. Qg4 Qc2 1/2-1/2

[Event "Burgos Intercajas"]
[Site "Burgos"]
[Date "2011.10.26"]
[Round "4.1"]
[White "Iglesias Montes, Felipe"]
[Black "Moreno Sanchez, Jose"]
[Result "1-0"]
[WhiteElo "2039"]
[BlackElo "2014"]
[PlyCount "79"]
[EventDate "2011.10.23"]
[EventType "swiss"]
[EventRounds "6"]
[EventCountry "ESP"]
[SourceTitle "EXT 2024"]
[Source "ChessBase"]
[SourceDate "2023.10.10"]
[SourceVersion "1"]
[SourceVersionDate "2023.10.10"]
[SourceQuality "1"]
[WhiteTeam "BBK"]
[BlackTeam "Caja Granada"]
[WhiteTeamCountry "ESP"]
[BlackTeamCountry "ESP"]

1. d4 Nf6 2. c4 e5 3. dxe5 Ng4 4. Nf3 Bc5 5. e3 Nc6 6. Be2 Ngxe5 7. Nxe5 Nxe5 8. Nd2 0-0 9. 0-0 d6 10. a3 a5 11. b3 Bf5 12. Nf3 Qf6 13. Nd4 Be4 14. f3 Bc6 15. Ra2 Rfe8 16. Kh1 Qg6 17. e4 Bd7 18. Be3 Nc6 19. Nc2 Bxe3 20. Nxe3 Ne7 21. c5 Be6 22. cxd6 cxd6 23. Bc4 Red8 24. Rd2 Nc8 25. Nd5 Bd7 26. e5 b5 27. Bd3 Qh6 28. exd6 Qxd6 29. Re1 g6 30. Bxb5 Kg7 31. Ne7 Qxa3 32. Rxd7 Rxd7 33. Qxd7 Qb4 34. Re4 Qa3 35. h3 Qa1+ 36. Kh2 Ra7 37. Qxc8 Qf6 38. Qc5 Rb7 39. Bc4 Rd7 40. Qe5 1-0